| 000 | 00504nam a2200217Ia 4500 | ||
|---|---|---|---|
| 999 |
_c24597 _d24597 |
||
| 003 | 0100 | ||
| 005 | 20170503113112.0 | ||
| 008 | 130303s9999 xx 000 0 und d | ||
| 020 | _a0949932892 | ||
| 040 | _cARRUPELIB | ||
| 050 | _aDT463.I82 1983 | ||
| 100 |
_aIsaacman, Allen F. _920538 |
||
| 245 | _aMozambique | ||
| 245 | _bfrom colonialism to revolution | ||
| 260 |
_bZimbabwe Publishing House _aHarare _c1983 |
||
| 300 | _a235p. | ||
| 300 | _b 21cm. | ||
| 650 |
_aMozambique _xHistory _y1891-1975 _930360 |
||
| 650 |
_aMozambique _xHistory _xIndependence and civil war _930361 |
||
| 700 |
_aIsaacman, Barbara _920543 |
||
| 942 | 0 | 0 |
_02 _2lcc _cMONOGRAPH |